Der Zeuge in der Güteverhandlung

Gespeichert in:  
Bibliographische Detailangaben
1. VerfasserIn: Rustige, Franz (Verfasst von)
Medienart: Druck Aufsatz
Sprache:Deutsch
Veröffentlicht: 1988
In: Schiedsmannszeitung
Jahr: 1988, Band: 59, Heft: 8, Seiten: 114-116
Verfügbarkeit prüfen: HBZ Gateway
Schlagwörter:

MARC

LEADER 00000caa a22000002c 4500
001 1640889833
003 DE-627
005 20220608132822.0
007 tu
008 141024s1988 xx ||||| 00| ||ger c
035 |a (DE-627)1640889833 
035 |a (DE-576)416054099 
035 |a (DE-599)BSZ416054099 
040 |a DE-627  |b ger  |c DE-627  |e rakwb 
041 |a ger 
100 1 |a Rustige, Franz  |4 aut 
245 1 4 |a Der Zeuge in der Güteverhandlung  |c F. Rustige 
264 1 |c 1988 
336 |a Text  |b txt  |2 rdacontent 
337 |a ohne Hilfsmittel zu benutzen  |b n  |2 rdamedia 
338 |a Band  |b nc  |2 rdacarrier 
773 0 8 |i In  |t Schiedsmannszeitung  |d Köln : Heymanns, 1926  |g 59(1988), 8, Seite 114-116  |w (DE-627)129949396  |w (DE-600)401966-0  |w (DE-576)015520617  |x 0342-7471  |7 nnas 
773 1 8 |g volume:59  |g year:1988  |g number:8  |g pages:114-116 
951 |a AR 
ELC |b 1 
LOK |0 000 xxxxxcx a22 zn 4500 
LOK |0 001 3303136920 
LOK |0 003 DE-627 
LOK |0 004 1640889833 
LOK |0 005 20141024083856 
LOK |0 008 141024||||||||||||||||ger||||||| 
LOK |0 040   |a DE-21-110  |c DE-627  |d DE-21-110 
LOK |0 689   |a s  |a Güteverhandlung 
LOK |0 852   |z Kein Bestand am IfK; Nachweis für KrimDok 
LOK |0 852   |a DE-21-110 
LOK |0 852 1  |m v  |9 00 
LOK |0 935   |a k110 
LOK |0 938   |k v 
LOK |0 939   |a 24-10-14  |b l01 
ORI |a SA-MARC-krimdoka001.raw